| 000 | 00772nam0a2200253 4500 | ||
|---|---|---|---|
| 001 | RU\NLR\BIBL_A\012583073 | ||
| 005 | 20250624074846.0 | ||
| 035 | _a(NLR Aleph) 012583073 | ||
| 090 |
_a13305013 _c13305013 |
||
| 100 | _a20210820d1986 |||y0rusy50 ca | ||
| 101 | 0 |
_akur _drus |
|
| 102 | _aAM | ||
| 105 | _ay z 000 y | ||
| 200 | 1 |
_aБаһара ҭיәзә №5 _fМик´аеле Р´әшид |
|
| 210 |
_aЕреван _cСоветакан грог _d1986 |
||
| 215 |
_a238 с. _d20 |
||
| 541 | 1 |
_6z01790 _aНовая весна №5 _zrus |
|
| 686 | 1 | _aШ6(2=Ар.) | |
| 701 | 1 |
_aР´әшид _bМ. _gМик´аеле _4070 |
|
| 790 | 1 |
_6z01541 _aРешид _bМ. _gМикаеле _4070 |
|
| 852 |
_aNLR _bОНЛ _jКурд./2-203/5 |
||
| 942 | _cBOOK | ||
| 980 | _aNB | ||